000 00670nam a2200289Ia 4500
005 20260324140825.0
008 008 260324s9999 xx 000 0 eng d
020 _a9781351315289
037 _aEBOOK
040 _aCRL
040 _beng
040 _cCRL
041 _2eng
041 _aeng
084 _qCRL
100 _aGertrud Lenzer
_91205872
245 0 _aAuguste Comte and Positivism
245 4 _bThe Essential Writings
260 _bTaylor and Francis
260 _c1998
365 _a
365 _b230
856 _uhttp://www.taylorfrancis.com/books/9781351315289
942 _cEBOOK
999 _c1808327
_d1808327